[Event "CRO-Cup"]
[Site "Pula"]
[Date "1996.??.??"]
[Round "?"]
[White "Radocaj, Denis"]
[Black "Stevic, Hrvoje"]
[Result "1-0"]
[WhiteElo "2330"]
[BlackElo "2395"]

1.d4 Nf6 2.c4 g6 3.Nc3 Bg7 4.e4 d6 5.Nf3 O-O 6.Be2 e5 7.Be3 c6 8.Qd2 Nbd7
9.Rd1 Qe7 10.d5 cxd5 11.cxd5 Ng4 12.Bg5 f6 13.Bh4 g5 14.Bg3 Nh6 15.O-O Nf7
16.Qc2 h5 17.h4 g4 18.Nd2 a6 19.Nc4 Nh6 20.Ne3 f5 21.exf5 Nf6 22.Bd3 Re8
23.Rfe1 b5 24.Qb3 Rb8 25.a3 Qa7 26.Kh2 Rb7 27.Na2 Qb6 28.Nb4 Rf7 29.Nc6 Nd7
30.Qb4 Nc5 31.Bb1 Nxf5 32.Nc4 Qc7 33.N4xe5 Bxe5 34.Bxe5 dxe5 35.Qxc5 e4+
36.d6 Qd7 37.Ne5 Rxe5 38.Qxe5 e3 39.Bxf5 Rxf5 40.Qxe3  1-0

[Event "CRO-Cup"]
[Site "Pula"]
[Date "1996.??.??"]
[Round "?"]
[White "Nikolac, Juraj"]
[Black "Bilobrk, Franjo"]
[Result "1-0"]
[WhiteElo "2465"]
[BlackElo "2355"]

1.d4 Nf6 2.c4 g6 3.Nc3 Bg7 4.e4 d6 5.Be2 O-O 6.Nf3 e5 7.d5 a5 8.Bg5 h6 9.Bh4 Na6
10.Nd2 Bd7 11.O-O Qe8 12.a3 a4 13.b4 axb3 14.Nxb3 Nh7 15.a4 h5 16.f3 Bh6
17.Bf2 Qe7 18.Nb5 h4 19.c5 dxc5 20.Kh1 Bg5 21.Nxc7 Nxc7 22.d6 Qd8 23.dxc7 Qxc7
24.Nxc5 Bc6 25.Qb3 Nf6 26.Nd3 Nh5 27.Qc3 Rfe8 28.Nb4 Qa5 29.Qb2 Bxa4 30.Nd5 b5
31.Bb6 Qd2 32.Qxd2 Bxd2 33.Nc7 Rab8 34.Nxe8 Rxb6 35.Rfb1 Be3 36.Nc7 Bd4 37.Nd5 Re6
38.Ra2 Kg7 39.Nc7 Rc6 40.Bxb5 Rxc7 41.Bxa4 f5 42.Rc2 Ra7 43.Bc6 Kf6 44.Be8 Kg5
45.exf5 Kxf5 46.Bc6 Ng3+ 47.hxg3 hxg3 48.Bb7 Bf2 49.Rc4 Bd4 50.Rc6 Ra3 51.Ra6 Re3
52.Be4+ Rxe4 53.fxe4+ Kxe4 54.Rxg6 Bf2 55.Rb3 Kd4 56.Rg4+ Kd5 57.Rb5+ Ke6
58.Rg5 Bd4 59.Rg6+ Kf5 60.Rxg3  1-0

[Event "CRO-ch"]
[Site "Pula"]
[Date "1996.??.??"]
[Round "?"]
[White "Loncar, Robert"]
[Black "Krstic, Uros"]
[Result "1-0"]
[WhiteElo "2455"]
[BlackElo "2190"]

1.Nf3 Nf6 2.c4 g6 3.Nc3 Bg7 4.e4 d6 5.d4 O-O 6.Be2 e5 7.d5 a5 8.Bg5 Na6 9.Nd2 h6
10.Bh4 Bd7 11.O-O Qe8 12.a3 Nh7 13.Kh1 h5 14.f3 Bh6 15.Qc2 Be3 16.Rab1 a4
17.Nb5 Bxb5 18.cxb5 Nc5 19.Nc4 Bd4 20.Qd2 Kg7 21.b6 Qd7 22.bxc7 Qxc7 23.Qb4 Ra6
24.Rbd1 Nb3 25.f4 Bc5 26.Qe1 Nd4 27.f5 g5 28.f6+ Kg6 29.Bf2 Nxf6 30.Bxd4 Bxd4
31.Rxd4 exd4 32.Qf2 Nh7 33.Bd3 Kg7 34.Qxd4+ f6 35.Ne3 Qb6 36.Bxa6 Qxd4 37.Nf5+ Kg6
38.Nxd4 bxa6 39.Nf5 Rb8 40.Rf2 Rb6 41.Rc2 Kf7 42.Rc7+ Kg8 43.Rg7+ Kh8 44.Rd7 Kg8
45.Nh6+ Kh8 46.Rd8+ Nf8 47.Rxd6 Rxd6 48.Nf7+ Kg8 49.Nxd6 Nd7 50.Kg1 Ne5 51.Kf2 Ng4+
52.Kg3 Ne5 53.h3 Kf8 54.Kf2 Nd3+ 55.Ke3 Nf4 56.Kf3 Ke7 57.Nc4 f5 58.d6+ Ke6
59.exf5+ Kxf5 60.d7 Ne6 61.Nd6+ Ke5 62.Nf7+ Kd4 63.d8=R+ Nxd8 64.Nxd8 Kd3
65.Nb7 Kc2 66.Nc5 Kxb2 67.Nxa4+  1-0

[Event "Pula op"]
[Site "Pula"]
[Date "1996.??.??"]
[Round "?"]
[White "Radocaj, Denis"]
[Black "Jakubovics, Nicholas"]
[Result "1-0"]
[WhiteElo "2330"]
[BlackElo "2220"]

1.d4 g6 2.c4 Nf6 3.Nc3 Bg7 4.e4 d6 5.Nf3 O-O 6.Be2 e5 7.Be3 exd4 8.Nxd4 Re8
9.f3 c6 10.Bf2 d5 11.exd5 cxd5 12.O-O Nc6 13.c5 Bf8 14.Kh1 Nh5 15.Qd2 Ne5
16.Ndb5 Be6 17.Rad1 a6 18.Nd4 Qf6 19.Nxe6 fxe6 20.Bd4 Bg7 21.f4 Nc4 22.Bxc4 Qxd4
23.Qxd4 Bxd4 24.Nxd5 exd5 25.Bxd5+ Kg7 26.Rxd4 Rad8 27.Re4 Nxf4 28.Rxe8 Rxe8
29.Bxb7 Nd3 30.c6 Nc5 31.Rc1 Re7 32.Ba8 Nd3 33.Rb1 Nxb2 34.h3 Nc4 35.Rb7 Kf6
36.c7 Nd6 37.Rb6  1-0

[Event "Pula op"]
[Site "Pula"]
[Date "1996.??.??"]
[Round "?"]
[White "Radocaj, Denis"]
[Black "Grosar, Kiti"]
[Result "1-0"]
[WhiteElo "2330"]
[BlackElo "2225"]

1.d4 Nf6 2.c4 g6 3.Nc3 Bg7 4.e4 d6 5.Nf3 O-O 6.Be2 e5 7.Be3 Ng4 8.Bg5 f6
9.Bh4 Nc6 10.d5 Ne7 11.Nd2 f5 12.Bxg4 fxg4 13.Bg5 Rf4 14.g3 Rf7 15.Be3 c5
16.a3 h5 17.Qe2 a5 18.Nb5 Kh7 19.f3 Ng8 20.O-O-O Bh6 21.Rdf1 Qf8 22.Bxh6 Nxh6
23.Qe3 gxf3 24.h3 f2 25.Rh2 Qe7 26.Nf3 Kg7 27.Ng5 Rf6 28.Kd2 Nf7 29.h4 Nxg5
30.Qxg5 Qf7 31.Nxd6 Rxd6 32.Rhxf2 Qe8 33.Rf8 Qxf8 34.Rxf8 Kxf8 35.Qxe5 Rda6
36.Qh8+ Kf7 37.e5 Bf5 38.Qh7+ Ke8 39.e6  1-0

[Event "CRO-ch"]
[Site "Pula"]
[Date "1996.??.??"]
[Round "?"]
[White "Kovacevic, Blazimir"]
[Black "Ljubicic, Filip"]
[Result "0-1"]
[WhiteElo "2300"]
[BlackElo "2360"]

1.d4 Nf6 2.Nf3 g6 3.c4 Bg7 4.Nc3 O-O 5.e4 d6 6.Be2 Na6 7.O-O e5 8.Re1 Qe8
9.Bf1 Bg4 10.d5 Nb4 11.Be2 a5 12.Rb1 Na6 13.Be3 b6 14.Nd2 h5 15.h3 Bd7 16.Bf1 Nh7
17.f4 Bh6 18.g3 h4 19.Nf3 hxg3 20.fxe5 Bxe3+ 21.Rxe3 dxe5 22.Qe1 Qe7 23.Qxg3 Rae8
24.Rbe1 Nf6 25.Qg5 Kg7 26.R3e2 Rh8 27.Rh2 Nc5 28.b3 Rh5 29.Qg3 Rh6 30.Qg5 Rh5
31.Qg3 Rh7 32.Qg5 Qd6 33.Nd2 Nh5 34.Qe3 Nf4 35.Ne2 Ncd3 36.Rd1 Reh8 37.Nxf4 Nxf4
38.c5 Qf6 39.cxb6 cxb6 40.Nf3 Nxh3+ 41.Kh1 Nf2+  0-1

[Event "CRO-Cup"]
[Site "Pula"]
[Date "1996.??.??"]
[Round "?"]
[White "Misanovic, Vesna"]
[Black "Mihevc, Narcisa"]
[Result "1-0"]
[WhiteElo "2375"]
[BlackElo "2250"]

1.d4 Nf6 2.c4 g6 3.Nc3 Bg7 4.e4 d6 5.Nf3 O-O 6.Be2 e5 7.d5 a5 8.h3 Na6 9.Bg5 Qe8
10.Nd2 h6 11.Be3 Bd7 12.g4 Nh7 13.Rg1 Qe7 14.Bd3 Kh8 15.Qe2 a4  1-0

[Event "Randers"]
[Site "Randers"]
[Date "1996.??.??"]
[Round "4"]
[White "Hultin, Johan"]
[Black "Rasmussen, Peter"]
[Result "1-0"]
[WhiteElo "2300"]
[BlackElo "2285"]

1.d4 Nf6 2.c4 g6 3.Nc3 Bg7 4.e4 d6 5.Be2 O-O 6.Nf3 e5 7.d5 a5 8.h3 Na6 9.Bg5 h6
10.Be3 Nh5 11.Ng1 Nf4 12.Bf1 f5 13.g3 fxe4 14.gxf4 exf4 15.Bd4 Bf5 16.Bxg7 Kxg7
17.Qd4+ Kh7 18.O-O-O Nc5 19.h4 f3 20.Re1 a4 21.h5 Qg5+ 22.Re3 a3 23.b4 b6
24.bxc5 bxc5 25.hxg6+ Qxg6 26.Qd2 Qg7 27.Nxf3 Rab8 28.Ne1 Rb2 29.Nc2 Rfb8
30.Qe2 Bg4 31.Rg3 e3 32.fxe3 Rb1+ 33.Kd2 Qxc3+ 34.Kxc3 Bxe2 35.Bg2 Rxh1 36.Bxh1 Rb2
37.Be4+ Kh8 38.Rg2 Bf1 39.Rf2 Bh3 40.Rh2 Bf1 41.Rxh6+ Kg8 42.Rh1 Be2 43.Rh2 Bf1
44.Rh1 Be2 45.Ra1  1-0

[Event "Randers"]
[Site "Randers"]
[Date "1996.??.??"]
[Round "6"]
[White "Hultin, Johan"]
[Black "Christiansen, Arne"]
[Result "1-0"]
[WhiteElo "2300"]
[BlackElo "2260"]

1.d4 Nf6 2.c4 g6 3.Nc3 Bg7 4.e4 d6 5.Be2 O-O 6.Nf3 e5 7.O-O Nbd7 8.Qc2 c6
9.Rd1 Qc7 10.Rb1 Re8 11.dxe5 Nxe5 12.Nd4 Ned7 13.Bf4 a6 14.b4 Ne5 15.c5 dxc5
16.bxc5 Nf3+ 17.Bxf3 Qxf4 18.Na4 Rb8 19.Nb6 Bg4 20.g3 Qc7 21.Bxg4 Nxg4 22.h3 Nf6
23.Re1 Nd7 24.Nf3 Bf8 25.Nxd7 Qxd7 26.Kg2 Qe7 27.Rbc1 Bh6 28.Rcd1 Rbd8 29.e5 Rd5
30.Rxd5 cxd5 31.Rd1 Qd7 32.Qb3 Rd8 33.Rb1 Bf8 34.Qxb7 Qxb7 35.Rxb7 Bxc5 36.Ng5 Rf8
37.Rd7 h6 38.Nf3 d4 39.Nxd4 Bxd4 40.Rxd4 Rb8 41.e6 fxe6 42.Rd6 Kf7 43.Rxa6 Rb2
44.Ra8 Kf6 45.a4 Ra2 46.a5 Ra3 47.a6 Kf7 48.Kf1 Ra2 49.Ke1 Kg7 50.a7 Kh7
51.Kd1 Kg7 52.Kc1 Kh7 53.Kb1 Ra6 54.Kb2 Kg7 55.Kb3 Kh7 56.Kb4 e5 57.Kb5 Ra2
58.f3 Kg7 59.Kb6 Rb2+ 60.Kc6 Ra2 61.g4 Rc2+ 62.Kd6 Ra2 63.Rc8 Ra6+ 64.Rc6 Ra5
65.h4 Rxa7 66.Rc7+ Rxc7 67.Kxc7 Kf6 68.Kd6 h5 69.g5+ Kf5 70.Ke7 Kf4 71.Kf6 Kxf3
72.Kxe5 Kg4 73.Kf6 Kxh4 74.Kxg6 Kg4 75.Kf6 h4 76.g6 h3 77.g7 Kf3 78.g8=Q Kf2
79.Qd5 Kg1 80.Qd1+ Kg2 81.Qg4+  1-0

[Event "Randers"]
[Site "Randers"]
[Date "1996.??.??"]
[Round "7"]
[White "Rasmussen, Peter"]
[Black "Andersen, Jackie"]
[Result "1/2-1/2"]
[WhiteElo "2285"]
[BlackElo "2235"]

1.d4 g6 2.Nf3 Bg7 3.c4 d6 4.Nc3 Nd7 5.e4 e5 6.Be2 Ngf6 7.O-O O-O 8.Be3 Ng4
9.Bg5 f6 10.Bd2 Nh6 11.dxe5 dxe5 12.b4 c6 13.Qb3 Kh8 14.Rfd1 Qe8 15.c5 b6
16.cxb6 axb6 17.Rac1 Nf7 18.b5 Nc5 19.Qb4 f5 20.bxc6 fxe4 21.Ng5 Nxg5 22.Bxg5 Qxc6
23.Be7 Be6 24.Bb5 Qb7 25.Bxf8 Rxf8 26.Na4 Qf7 27.Nxc5 Qxf2+ 28.Kh1 bxc5 29.Qxc5 Qxa2
30.Qe3 Qa5 31.Bc6 Qa6 32.Bxe4 Bg4 33.Bd3 Qa3 34.Ra1 Qc3 35.Rdc1 Qb3 36.Rab1 Qa3
37.Qg3 Be6 38.Rc7 Qd6 39.Rbc1 Bd5 40.h3 Qe6 41.Re1 e4 42.Qh4 Qd6 43.Bxe4 Bxe4
44.Rxg7 Bxg2+ 45.Kg1 Qc5+ 46.Kh2  1/2-1/2

[Event "Recklinghausen"]
[Site "Recklinghausen"]
[Date "1996.??.??"]
[Round "5"]
[White "Hoefker, Mathias"]
[Black "Schmaltz, Roland"]
[Result "1/2-1/2"]
[WhiteElo "2250"]
[BlackElo "2440"]

1.d4 g6 2.Nf3 Bg7 3.c4 d6 4.Nc3 Nf6 5.e4 O-O 6.Be2 e5 7.Be3 exd4 8.Nxd4 Nc6
9.f3 Re8 10.Qd2 Nh5 11.g4 Nxd4 12.Bxd4 Bxd4 13.Qxd4 Nf4 14.Nd5 Nxd5 15.cxd5 Qh4+
16.Qf2 Qf6 17.Bd3 c5 18.O-O Bd7 19.a4 a6 20.a5 Bb5 21.Rfd1 Rec8 22.Rac1 h5
23.h3 hxg4 24.hxg4 Kg7 25.f4 Rh8 26.g5 Qe7 27.Bb1 Rh5 28.Kg2 Rah8 29.Rh1 f6
30.Rxh5 Rxh5 31.gxf6+ Qxf6 32.Rh1 Rxh1 33.Kxh1 g5 34.f5 Qd4 35.Kg2 Qd1 36.Bc2 Qc1
37.Kg3 Qxb2 38.Qd2 Qe5+ 39.Kg4 Kf7 40.Qxg5 Be2+ 41.Kh3 Bf1+ 42.Kg4  1/2-1/2

[Event "Reykjavik op"]
[Site "Reykjavik"]
[Date "1996.??.??"]
[Round "3"]
[White "Olsen, Heini"]
[Black "Bronstein, David I"]
[Result "1/2-1/2"]
[WhiteElo "2325"]
[BlackElo "2455"]

1.d4 Nf6 2.c4 d6 3.Nf3 g6 4.Nc3 Bg7 5.e4 O-O 6.Be2 e5 7.d5 a5 8.Bg5 h6 9.Bh4 Na6
10.Nd2 Qe8 11.O-O Bd7 12.a3 a4 13.Nb5 c6 14.Nc3 Nc5 15.Qc2 cxd5 16.cxd5 b5
17.f3 Qb8 18.b4 Na6 19.Rac1 Nh5 20.Rfe1 Rc8 21.Bf2 Nf4 22.Bf1 Bf6 23.Qb1 Bd8
24.Ne2 Bb6 25.Rxc8+ Bxc8 26.Bxb6 Qxb6+ 27.Kh1 Nh5 28.Nc3 Bd7 29.Qd3 Nc7 30.Qe3 Qxe3
31.Rxe3 Nf6  1/2-1/2

[Event "Reykjavik op"]
[Site "Reykjavik"]
[Date "1996.??.??"]
[Round "6"]
[White "Hansen, Curt"]
[Black "Djurhuus, Rune"]
[Result "1/2-1/2"]
[WhiteElo "2615"]
[BlackElo "2505"]

1.c4 g6 2.d4 Bg7 3.e4 d6 4.Nc3 Nf6 5.Nf3 O-O 6.Be2 e5 7.O-O Nbd7 8.Be3 c6
9.d5 c5 10.Ne1 Ne8 11.g4 f5 12.gxf5 gxf5 13.exf5 Ndf6 14.Bd3 Qe7 15.Qf3 Qf7
16.Kh1 Nh5 17.Rg1 Bxf5 18.Bxf5 Qxf5 19.Qxf5 Rxf5 20.Ne4 Kh8 21.Nd3 Rd8 22.Rg5 Rxg5
23.Bxg5 Rd7 24.f3 Rf7 25.Kg2 h6 26.Bd2 Kh7 27.b4 cxb4 28.Bxb4 Nf4+ 29.Nxf4 exf4
30.Re1 Be5 31.c5 Nc7 32.cxd6 Nxd5 33.Bc5 b6 34.Rd1 Nf6 35.Nxf6+ Bxf6 36.Bd4 Bd8
37.Re1 Kg6 38.Re6+ Kf5 39.Re5+ Kg6 40.Re6+ Kf5 41.Rxh6 Bg5 42.Rh5 Kg6 43.Rh8 Rd7
44.h4 Rxd6 45.Rg8+ Kf7 46.Rg7+ Kf8 47.hxg5 Rxd4 48.Rxa7 Rd5 49.Ra4 Rxg5+
50.Kf2 Kg7 51.Rxf4 Ra5  1/2-1/2

[Event "EU-ch U18 Girls"]
[Site "Rimavska Sobota"]
[Date "1996.??.??"]
[Round "2"]
[White "Javakhishvili, Eka"]
[Black "Zielinska, Marta"]
[Result "1/2-1/2"]
[WhiteElo "2095"]
[BlackElo "2240"]

1.d4 Nf6 2.c4 g6 3.Nc3 Bg7 4.e4 d6 5.Nf3 O-O 6.Be2 e5 7.Be3 exd4 8.Nxd4 c6
9.Qd2 Re8 10.f3 Qe7 11.Bf2 a6 12.a4 a5 13.Rd1 Na6 14.O-O Nd7 15.Nb3 Ndc5
16.Nxc5 dxc5 17.f4 f5 18.e5 Be6 19.Qd6 Qf7 20.b3 Bf8 21.Qd2 Be7 22.Na2 Qg7
23.Kh1 Nc7 24.Nc1 Bc8 25.Bf3 Ne6 26.Ne2 g5 27.g3 g4 28.Bg2 Qh6 29.Qc3 Kf7
30.Rd2 Qg6 31.Rfd1 h5 32.h4  1/2-1/2

[Event "EU-ch U18"]
[Site "Rimavska Sobota"]
[Date "1996.??.??"]
[Round "3"]
[White "Mchedlishvili, Mikheil"]
[Black "Istrate, Bogdan"]
[Result "1-0"]
[WhiteElo "2370"]
[BlackElo "2280"]

1.d4 Nf6 2.c4 g6 3.Nc3 Bg7 4.e4 d6 5.Nf3 O-O 6.Be2 e5 7.Be3 Ng4 8.Bg5 f6
9.Bh4 Qe8 10.O-O Nc6 11.Nb5 Qf7 12.d5 Nd8 13.Nd2 h5 14.b4 a6 15.Nc3 Qe7 16.Rc1 Nf7
17.c5 dxc5 18.bxc5 Ngh6 19.d6 cxd6 20.Nd5 Qd8 21.f3 Be6 22.Nc4 Rc8 23.Bf2 dxc5
24.Ncb6 Rc6 25.Bxc5 Nd6 26.Qa4 Nhf7 27.Be3 Rxc1 28.Rxc1 Bh6 29.Qa3 Bxe3+
30.Qxe3 f5 31.Rc7 Bxd5 32.Nxd5 fxe4 33.fxe4 Qh4 34.g3 Qh3 35.Bxh5 Qe6 36.Bg4 Nf5
37.Qb3  1-0

[Event "EU-ch U16"]
[Site "Rimavska Sobota"]
[Date "1996.??.??"]
[Round "3"]
[White "Stamenkovic, Dejan"]
[Black "Bekker Jensen, Simon"]
[Result "0-1"]
[WhiteElo "2255"]
[BlackElo "2200"]

1.d4 Nf6 2.c4 g6 3.Nf3 Bg7 4.Nc3 O-O 5.e4 d6 6.Be2 e5 7.d5 a5 8.O-O Na6 9.Ne1 Ne8
10.Nd3 f5 11.f3 f4 12.a3 c5 13.Rb1 Rf7 14.b4 axb4 15.axb4 cxb4 16.Nxb4 Qb6+
17.Kh1 Nxb4 18.Qb3 Nxd5 19.Qxb6 Nxb6 20.Rxb6 Bf6 21.Rd1 Bd8 22.Rb2 Ra1 23.Rb1 Rxb1
24.Nxb1 Be6 25.Ba3 Rd7 26.Nc3 Bb6 27.Nd5 Bc5 28.Bb2 Kf8 29.g3 g5 30.Kg2 Nc7
31.Nc3 Bd4 32.Rc1 Rd8 33.Ba3 Bc5 34.Bxc5 dxc5 35.Nd5 Ne8 36.Rb1 Nd6 37.Nc7 Ke7
38.Nxe6 Kxe6 39.Kf1 Ra8 40.Ke1 Ra2 41.Kd1 Kd7 42.g4 Kc6 43.h3 Ra4 44.Rc1 Ne8
45.Kd2 Nc7 46.h4 Ra2+ 47.Kd3 Na6 48.Re1 gxh4  0-1

[Event "EU-ch U18"]
[Site "Rimavska Sobota"]
[Date "1996.??.??"]
[Round "3"]
[White "Livner, Anders"]
[Black "Grigore, Nicolae Petre"]
[Result "1/2-1/2"]
[WhiteElo "2080"]
[BlackElo "2295"]

1.d4 g6 2.c4 Bg7 3.Nf3 d6 4.e4 Nd7 5.Nc3 e5 6.Be2 Ngf6 7.O-O O-O 8.d5 Nc5
9.Qc2 a5 10.Bg5 h6 11.Bh4 g5 12.Bg3 Nh5 13.Ne1 Nf4 14.Nd3 b6 15.Nxc5 bxc5
16.a3 f5 17.f3 Nxe2+ 18.Qxe2 f4 19.Bf2 h5 20.b4 axb4 21.axb4 Rxa1 22.Rxa1 cxb4
23.Nb5 g4 24.Ra8 Qg5 25.Nxc7 h4 26.Ne6 Bxe6 27.Rxf8+ Bxf8 28.dxe6 g3 29.Be1 Qd8
30.h3 Qb6+ 31.Kf1 Be7 32.Qa2 b3 33.Qa8+ Kg7 34.Qe8 Qc7 35.Qb5 b2 36.Qxb2 Qxc4+
37.Qe2 Qxe6 38.Qd3 Kf6 39.Bb4 Qa2 40.Bd2 Ke6 41.Ke2 Qa7 42.Qd5+ Kf6 43.Qg8 Qf2+
44.Kd3 Qxg2 45.Qh8+ Kf7 46.Qh5+ Kf8 47.Qh8+ Kf7 48.Qh5+  1/2-1/2

[Event "EU-ch U16 Girls"]
[Site "Rimavska Sobota"]
[Date "1996.??.??"]
[Round "7"]
[White "Radziewicz, Iweta"]
[Black "Reizniece, Dana"]
[Result "1/2-1/2"]
[WhiteElo "2270"]
[BlackElo "2060"]

1.c4 Nf6 2.Nc3 g6 3.Nf3 Bg7 4.d4 d6 5.e4 O-O 6.Be2 e5 7.d5 a5 8.h3 Na6 9.Be3 b6
10.g4 Nc5 11.Nd2 Bd7 12.Qc2 Ne8 13.O-O-O c6 14.Kb1 Nc7 15.Nb3 cxd5 16.Nxc5 bxc5
17.cxd5 Rb8 18.h4 Qc8 19.f3 Na6 20.Bxa6 Qxa6 21.h5 Qc4 22.Rc1 Rb7 23.Nd1 Qxc2+
24.Kxc2 Rfb8 25.Bd2 Bf6 26.Rb1 Bd8 27.Ne3 Bb5 28.b3 Be2 29.Rh3 a4 30.Re1 Ba6
31.hxg6 fxg6 32.Reh1 Bg5 33.Nd1 Bxd2 34.Kxd2 axb3 35.axb3 Rf7 36.g5 Rxb3
37.Ne3 Rd3+ 38.Ke2 Rb7 39.Kf2 h5 40.Ng4 Rb2+ 41.Kg3 Rdd2 42.Nf6+ Kf7 43.Ra1 Rg2+
44.Kh4 Bb7 45.Rhh1 c4 46.Ra4 c3 47.Rc4 c2 48.Rc7+ Kf8 49.Rd7 Bc8 50.Nh7+  1/2-1/2

[Event "EU-ch U18"]
[Site "Rimavska Sobota"]
[Date "1996.??.??"]
[Round "8"]
[White "Guid, Matej"]
[Black "Bekker Jensen, David"]
[Result "0-1"]
[WhiteElo "2155"]
[BlackElo "2190"]

1.d4 Nf6 2.Nf3 g6 3.c4 Bg7 4.Nc3 O-O 5.e4 d6 6.Be2 e5 7.O-O Na6 8.Bg5 h6
9.Bh4 Qe8 10.d5 Nh7 11.Nd2 f5 12.exf5 gxf5 13.Bh5 Qd7 14.f4 Nf6 15.Be2 Qf7
16.Nb3 b6 17.Rc1 Kh8 18.a3 Bd7 19.Nd2 c6 20.dxc6 Bxc6 21.fxe5 dxe5 22.Rxf5 Qg6
23.Rf2 e4 24.Nf1 Rad8 25.Nd5 Nxd5 26.Rxf8+ Bxf8 27.Bxd8 Bc5+ 28.Kh1 Nf4 29.Bf6+ Qxf6
30.Rc3 e3 31.Nxe3 Bxe3 32.Rxe3 Nxg2 33.Rf3 Bxf3 34.Bxf3 Nh4 35.Bd5 Nc7 36.Bb7 Ne6
37.b4 Nf4 38.Qf1 Qd4 39.Qe1 Qd7 40.Qe5+ Qg7 41.Qb8+ Kh7 42.Be4+ Nfg6 43.Bxg6+ Nxg6
44.Qg3 Qe5 45.Qd3 h5 46.Qd7+ Qe7 47.Qb5 Kh6 48.c5 Qe1+ 49.Kg2 Nh4+  0-1

[Event "EU-ch U18 Girls"]
[Site "Rimavska Sobota"]
[Date "1996.??.??"]
[Round "9"]
[White "Bobrowska, Monika"]
[Black "Vajda, Szidonia"]
[Result "1-0"]
[WhiteElo "2325"]
[BlackElo "2285"]

1.Nf3 Nf6 2.c4 g6 3.Nc3 Bg7 4.d4 d6 5.e4 O-O 6.Be2 e5 7.d5 a5 8.Bg5 h6 9.Bh4 Na6
10.Nd2 Qe8 11.a3 Bd7 12.b3 Nh7 13.O-O h5 14.f3 Bh6 15.Rb1 Be3+ 16.Kh1 f5
17.exf5 gxf5 18.Bf2 Bxf2 19.Rxf2 Nf6 20.Qc2 Qg6 21.Nf1 Kh8 22.b4 axb4 23.axb4 h4
24.Bd3 Rae8 25.c5 dxc5 26.Bxa6 bxa6 27.bxc5 e4 28.fxe4 Ng4 29.Re2 fxe4 30.Ne3 Qf6
31.h3 Nf2+ 32.Kg1 Nxh3+ 33.gxh3 Rg8+ 34.Ng2 Bxh3 35.Nxe4 Qd4+ 36.Kh2 Bf5
37.Qb2 Rxe4 38.Rxe4 Rxg2+ 39.Qxg2 Bxe4 40.Rb8+ Kh7 41.Qg8+ Kh6 42.Qh8+ Qxh8
43.Rxh8+ Kg7 44.d6 cxd6 45.cxd6 Bf5 46.Rxh4 Bd7 47.Rf4 a5 48.Kg3 a4 49.Rf3 Kg6
50.Kf2 Bc6 51.Rc3 Be8 52.Rc7  1-0

[Event "EU-ch U18"]
[Site "Rimavska Sobota"]
[Date "1996.??.??"]
[Round "9"]
[White "Hrivnak, Martin"]
[Black "Piceu, Tom"]
[Result "1-0"]
[WhiteElo "2185"]
[BlackElo "2210"]

1.Nf3 Nf6 2.c4 g6 3.Nc3 Bg7 4.e4 d6 5.d4 O-O 6.Be2 Nbd7 7.O-O e5 8.Re1 c6
9.Rb1 Ne8 10.Bf1 Qe7 11.b4 f5 12.dxe5 Nxe5 13.Nd4 Ng4 14.h3 Nxf2 15.Kxf2 Qe5
16.Nf3 fxe4 17.Nxe4 Qh2 18.Bb2 Bxb2 19.Rxb2 Bxh3 20.Qd4 Rf5 21.Ng3 Rxf3+
22.Kxf3 Ng7 23.Re4 Ne6 24.Qe3 Rf8+ 25.Ke2 Bxg2 26.Ke1  1-0

[Event "Sakthi"]
[Site "Sakthi"]
[Date "1996.??.??"]
[Round "1"]
[White "Murshed, Niaz"]
[Black "Konguveel, Ponnuswamy"]
[Result "1-0"]
[WhiteElo "2510"]
[BlackElo "2395"]

1.d4 Nf6 2.c4 g6 3.Nc3 Bg7 4.e4 d6 5.Nf3 O-O 6.Be2 e5 7.d5 a5 8.Be3 Ng4 9.Bg5 f6
10.Bd2 f5 11.exf5 gxf5 12.Ng5 Nf6 13.Qc2 Na6 14.O-O Nc5 15.f4 e4 16.Nd1 h6
17.Nh3 c6 18.Ne3 Bd7 19.dxc6 bxc6 20.Kh1 Qb6 21.Bc3 Na4 22.Qxa4 Qxe3 23.Qc2 Ng4
24.Bxg7 Kxg7 25.Rad1 Rf6 26.Rfe1 Qc5 27.Bxg4 fxg4 28.Nf2 Rxf4 29.Qc3+ Kg8
30.Nxe4 Qh5 31.Rxd6 Qf5 32.Nf6+ Kf7 33.Rxd7+ Kg6 34.Rg7+ Kxg7 35.Nh5+ Kg6
36.Nxf4+ Qxf4 37.Qd3+ Kg5 38.Kg1 Rf8 39.Rf1 Qxf1+ 40.Qxf1 Rxf1+ 41.Kxf1 Kf4
42.Ke2 Ke4 43.b3 Kd4 44.Kd2 h5 45.g3 Ke4 46.a3 Kd4 47.Kc2 a4 48.Kb2 Kd3 49.c5 Kd4
50.bxa4 Kc4 51.Kc2  1-0

[Event "Sakthi"]
[Site "Sakthi"]
[Date "1996.??.??"]
[Round "10"]
[White "Murshed, Niaz"]
[Black "Thipsay, Praveen Mahadeo"]
[Result "1-0"]
[WhiteElo "2510"]
[BlackElo "2475"]

1.d4 Nf6 2.c4 g6 3.Nc3 Bg7 4.e4 d6 5.Nf3 O-O 6.Be2 e5 7.d5 a5 8.O-O Nh5 9.g3 Na6
10.Ne1 Nf6 11.Ng2 c6 12.Be3 Nc5 13.f3 cxd5 14.cxd5 Ne8 15.Rc1 b6 16.Ne1 f5
17.exf5 Bxf5 18.Nd3 Nf6 19.Nf2 Qe7 20.Qd2 Kh8 21.Rce1 Rad8 22.Bb5 Bd7 23.Bxd7 Qxd7
24.Nfe4 Nfxe4 25.Nxe4 Qb5 26.b3 Nxe4 27.fxe4 a4 28.Qc3 axb3 29.Qxb3 Rxf1+
30.Rxf1 Qe2 31.Rf2 Qe1+ 32.Kg2 b5 33.Qd3 Qb4 34.a3 Qa4 35.Rb2 Rc8 36.Rxb5 h5
37.Rb2 Ra8 38.Rb3 Qd7 39.h3 Bf6 40.Rb4 Bd8 41.Qb3 Bc7 42.Rb7 Qc8 43.a4 Ba5
44.Ba7 Qc1 45.Qf3  1-0

[Event "Salerno schev"]
[Site "Salerno"]
[Date "1996.??.??"]
[Round "4"]
[White "Naumkin, Igor"]
[Black "Saccone, Fabio"]
[Result "1-0"]
[WhiteElo "2480"]
[BlackElo "2175"]

1.d4 Nf6 2.Nf3 g6 3.c4 Bg7 4.Nc3 d6 5.e4 O-O 6.Be2 e5 7.d5 a5 8.Bg5 h6 9.Bh4 Na6
10.Nd2 Bd7 11.O-O Qe8 12.b3 Nh7 13.a3 h5 14.f3 Bh6 15.Kh1 Be3 16.Rb1 Nc5
17.Qc2 f5 18.b4 axb4 19.axb4 Na4 20.Nb5 Qc8 21.c5 dxc5 22.Be7 Rf7 23.Bxc5 Nxc5
24.bxc5 Nf6 25.d6 Bxb5 26.Rxb5 c6 27.Rbb1 Bxd2 28.Qxd2 Kh7 29.Bc4 Rg7 30.Qg5 Ne8
31.f4 b5 32.Bb3 exf4 33.e5 Ra3 34.Rfe1  1-0

[Event "Salongernas Elo"]
[Site "Salongernas"]
[Date "1996.??.??"]
[Round "?"]
[White "Andersson, Mats"]
[Black "Kyhle, Bo"]
[Result "1-0"]
[WhiteElo "2295"]
[BlackElo "2290"]

1.d4 Nf6 2.c4 g6 3.Nc3 Bg7 4.e4 d6 5.Nf3 O-O 6.Be2 e5 7.O-O exd4 8.Nxd4 Re8
9.f3 Nc6 10.Nc2 Nh5 11.g4 Be5 12.f4 Bxc3 13.gxh5 Bg7 14.hxg6 hxg6 15.Bf3 Bh3
16.Re1 Qh4 17.Re2 Be6 18.Qd3 g5 19.Ne1 Nd4 20.Rf2 Qh3 21.Be3 Nxf3+ 22.Rxf3 Qh5
23.f5 g4 24.Rg3 Bd7 25.Ng2 Be5 26.Nf4 Bxf4 27.Bxf4 Kh7 28.Bd2 Rg8 29.Rf1 Rae8
30.Rf4 Rg5 31.Bc3 Bc6 32.Qd4 Re5 33.c5 Qh6  1-0

[Event "Salongernas Elo"]
[Site "Salongernas"]
[Date "1996.??.??"]
[Round "?"]
[White "Andersson, Mats"]
[Black "Holving, Rasmus"]
[Result "1-0"]
[WhiteElo "2295"]
[BlackElo "2165"]

1.d4 Nf6 2.Nf3 d6 3.c4 g6 4.Nc3 Bg7 5.e4 O-O 6.Be2 Nbd7 7.O-O e5 8.Be3 h6
9.dxe5 dxe5 10.Qc1 Kh7 11.Rd1 Ng8 12.Qc2 Ne7 13.Rd2 c6 14.Rad1 Qc7 15.Na4 b6
16.Nc3 Nf6 17.h3 Be6 18.b4 Nh5 19.a4 Rad8 20.c5 Nf4 21.Bf1 f5 22.Rd6 fxe4
23.Nxe4 Bd5 24.Nh4 Nf5 25.Nxf5 gxf5 26.Rxd8 Qxd8 27.Nc3 bxc5 28.bxc5 h5 29.Bxf4 exf4
30.Nxd5 cxd5 31.Qd2 d4 32.Qxf4 Qa5 33.Qg5 Qxc5 34.Qxh5+ Kg8 35.Bd3 Qa5 36.Bc4+  1-0

[Event "Salongernas Elo"]
[Site "Salongernas"]
[Date "1996.??.??"]
[Round "?"]
[White "Sjodin, Bengt"]
[Black "Andersson, Mats"]
[Result "0-1"]
[WhiteElo "2160"]
[BlackElo "2295"]

1.d4 Nf6 2.Nf3 g6 3.c4 Bg7 4.Nc3 O-O 5.e4 d6 6.Be2 e5 7.dxe5 dxe5 8.Qxd8 Rxd8
9.Bg5 c6 10.Nxe5 Re8 11.O-O-O Na6 12.Nf3 Bg4 13.e5 Nd7 14.h3 Bxf3 15.Bxf3 Nxe5
16.Be2 f5 17.Rhe1 Bf8 18.Be3 Nc5 19.f4 Ned7 20.Bf3 a5 21.Kc2 Nf6 22.Bd4 Kf7
23.Be5 Nfd7 24.Bd4 Rxe1 25.Rxe1 Ne6 26.Be3 Bc5 27.Bxc5 Ndxc5 28.Ne2 Rd8 29.g3 Nd3
30.Rf1 Nb4+ 31.Kb1 Rd2 32.Nc3 Nd3 33.b3 Rb2+ 34.Ka1 Rc2 35.Ne2 a4 36.Rd1 Nec5
37.Nd4 axb3 38.axb3 Rh2 39.h4 Nb4 40.h5 gxh5 41.Rh1 Rd2 42.Rxh5 b6 43.Rxf5+ Ke8
44.Bh5+ Kd8 45.Rf8+ Kc7 46.Rf7+ Kb8 47.Rf8+ Ka7 48.Rf7+ Ka6 49.Nf3 Ra2+ 50.Kb1 Ne4
51.Kc1 Nc3 52.Ne1 Rf2  0-1

[Event "Salongernas Elo"]
[Site "Salongernas"]
[Date "1996.??.??"]
[Round "?"]
[White "Ljungberg, Rune"]
[Black "Andersson, Mats"]
[Result "1/2-1/2"]
[WhiteElo "2160"]
[BlackElo "2295"]

1.d4 Nf6 2.Nf3 g6 3.c4 Bg7 4.Nc3 O-O 5.e4 d6 6.Be2 e5 7.dxe5 dxe5 8.Qxd8 Rxd8
9.Bg5 Nbd7 10.O-O-O Rf8 11.Nd5 Nxe4 12.Be3 Nb6 13.Nxc7 Rb8 14.Ng5 Nxg5 15.Bxg5 Bf5
16.b3 Rfc8 17.Nb5 a6 18.Nd6 Rc7 19.Nxf5 gxf5 20.Rd6 Nd7 21.Rhd1 Nf8 22.Rd8 Rxd8
23.Rxd8 h6 24.Bd2 Rd7 25.Rc8 Kh7 26.c5 Ne6 27.Bc4 Nd4 28.b4 e4 29.Be3 Be5
30.g3 h5 31.h3 h4 32.Bf4 Bxf4+ 33.gxf4 Kg7 34.a4 Nc6 35.b5 axb5 36.Bxb5 Rd5
37.Rc7 Rxc5+ 38.Kb2 Rd5 39.Rxb7 Nd4 40.Kc3 Nxb5+ 41.Rxb5 Rd3+ 42.Kc4 Rxh3
43.Rxf5 Rf3 44.Kd4 Rxf2 45.Kxe4 Ra2 46.Rh5 Rxa4+ 47.Kf3 Ra3+ 48.Kg4  1/2-1/2

[Event "Salongernas Elo"]
[Site "Salongernas"]
[Date "1996.??.??"]
[Round "?"]
[White "Ljungberg, Rune"]
[Black "Kyhle, Bo"]
[Result "0-1"]
[WhiteElo "2160"]
[BlackElo "2290"]

1.d4 Nf6 2.Nf3 g6 3.c4 Bg7 4.Nc3 O-O 5.e4 d6 6.Be2 e5 7.dxe5 dxe5 8.Qxd8 Rxd8
9.Bg5 Rf8 10.Nd5 Nxd5 11.cxd5 c6 12.Bc4 b5 13.Bb3 Bb7 14.d6 Re8 15.Be3 Nd7
16.a4 h6 17.O-O Bf8 18.Nh4 Kg7 19.f4 f6 20.f5 g5 21.Ng6 Red8 22.Rfd1 a6 23.Kf2 Rac8
24.Ne7 Ra8 25.g4 c5 26.Kf3 c4 27.Bc2 Kf7 28.Ng6 Rdc8 29.Nxf8 Kxf8 30.h4 Kg7
31.Bd2 Kf8 32.Rh1 Kg7 33.Rh3 Nc5 34.Bb4 Nb3 35.Bxb3 cxb3 36.d7 Rc4 37.Be7 Rxe4
38.Kf2 Rf4+ 39.Ke2 Rxg4 40.d8=Q Rxd8 41.Bxd8 Rg2+ 42.Kd3 Bc8 43.Rhh1 Rg3+
44.Kd2 Bxf5 45.Ke2 Bg4+ 46.Kf2 Rf3+ 47.Kg2 Rd3 48.hxg5 hxg5 49.Ba5 Bf3+ 50.Kf2 Bxh1
51.Rxh1 bxa4 52.Ke2 Rd4 53.Bc3 Rg4 54.Kf3 Rc4 55.Ke3 Rxc3+ 56.bxc3 a3  0-1